00249nam a2200097Ia 4500008004100000082001600041100001400057245004600071260002600117300000800143150731s2012 xx 000 0 und d a611bA 12 N aN. KUMAR. aANATOMY, PHYSIOLOGY AND HEALTH EDEUCTION. bAITBS PUB.INDIAc2012 a512